书目信息 |
| 题名: |
内科危重症的抢救
|
|
| 作者: | 田玉聚 著 | |
| 分册: | ||
| 出版信息: | 北京 人民卫生出版社 1983.8 |
|
| 页数: | 737页 | |
| 开本: | 19m | |
| 丛书名: | ||
| 单 册: | ||
| 中图分类: | R505.1 | |
| 科图分类: | ||
| 主题词: | 内科学 | |
| 电子资源: | ||
| ISBN: | ||
| 000 | 00507nam0 2200193 45 | |
| 001 | 0181013263 | |
| 005 | 20060803144719.79 | |
| 010 | @dCNY2.45 | |
| 091 | @a14028.3309 | |
| 100 | @a20810111d km y0chiy0120 ea | |
| 101 | 0 | @achi |
| 200 | 1 | @a内科危重症的抢救@Anei ke wei zhong zheng de qiang jiu@f田玉聚等著@Ftian yu ju |
| 210 | @a北京@c人民卫生出版社@d1983.8 | |
| 215 | @a737页@d19m | |
| 606 | 0 | @a内科学 |
| 690 | @aR505.1@v3 | |
| 701 | 0 | @a田玉聚@4著 |
| 801 | @aCN@bTSTC@c20060803 | |
| 905 | @dR505.1@e12 | |
| 内科危重症的抢救/田玉聚等著.-北京:人民卫生出版社,1983.8 |
| 737页;19m |
| ISBN :CNY2.45 |
| ● |
| 相关链接 |
|
|
|
|
正题名:内科危重症的抢救
索取号:R505.1/12
 
预约/预借
| 序号 | 登录号 | 条形码 | 馆藏地/架位号 | 状态 | 备注 |
| 1 | 0117065 | 000715140 | 第三借阅区/ [索取号:R505.1/12] | 在馆 | |
| 2 | 0117066 | 000715131 | 第三借阅区/ [索取号:R505.1/12] | 在馆 | |
| 3 | 0439595 | 204395957 | 密集书库/ [索取号:R505.1/12] | 在馆 | |
| 4 | 0439596 | 204395966 | 密集书库/ [索取号:R505.1/12] | 在馆 |